| 000 | 00657nam a2200217Ia 4500 | ||
|---|---|---|---|
| 003 | IN-BaIIA | ||
| 008 | 211028s9999 xx 000 0 eng d | ||
| 020 | _a3-540-13510-3 | ||
| 040 | _cIIA Library | ||
| 080 |
_a53+54:629.19 _bPCS-11 |
||
| 100 |
_avolland, Hans _914386 |
||
| 245 | 0 |
_aAtmospheric Electrodynamics _cHans volland |
|
| 260 |
_aBerlin _bSpringer-Verlag _c1984 |
||
| 300 | _a[various pagings.] | ||
| 650 |
_aAtmospheric Electrodynamics _914387 |
||
| 650 |
_aElectrodynamics _92319 |
||
| 650 |
_aMagnetosphere _93270 |
||
| 650 | _aNASA thesaurus | ||
| 650 |
_aSpace Plasmas _910937 |
||
| 942 | _cBK | ||
| 999 |
_c8576 _d8576 |
||